Democracia sin exclusiones ni excluidos /

Shranjeno v:
Bibliografske podrobnosti
Glavni avtor: Sader, Emir
Format: Neznan
Izdano: Caracas: Nueva Sociedad
Oznake: Označite
Brez oznak, prvi označite!

MARC

LEADER 00000 a2200000 04500
001 10288
003
008 991231s d
040
090 |a 135605  
100 |a Sader, Emir  
245 |a Democracia sin exclusiones ni excluidos /  |c Emir Sader 
260 |a Caracas:   |b Nueva Sociedad  
300 |a 236 p.  
999 |c 14326  |d 14326